| 000 | 00287nam a22000977a 4500 | ||
|---|---|---|---|
| 082 |
_a347.5491052 _bLIM |
||
| 245 |
_aThe Limitation Act 1908 (Bare Act) / _cEdited by Muhammad Abdul Basit |
||
| 260 |
_aRawalpindi : _bFederal Law House, _c2019. |
||
| 300 |
_a46 p. ; _c23 cm. |
||
| 942 |
_2ddc _cBK |
||
| 999 |
_c592340 _d592340 |
||